MARC

LEADER 00000nam0a2200000 4500
001 116873
005 20231031123439.0
035 |a (RuTPU)RU\TPU\book\126476 
035 |a RU\TPU\book\126473 
090 |a 116873 
100 |a 20070529d1994 k y0rusy50 ca 
101 0 |a rus 
102 |a RU 
105 |a a b 000zy 
200 1 |a Силовые полупроводниковые модули  |e сводный отраслевой каталог  |h Ч. 2  |f Всероссийский научно-исследовательский институт информации и технико-экономических исследований в промышленности (Информэлектро); сост. Л. В. Куликова; М. Ю. Лебедева 
210 |a Москва  |c Информэлектро  |d 1994 
215 |a 36 с.  |c ил. 
610 1 |a каталоги 
610 1 |a назначение 
610 1 |a габаритные размеры 
610 1 |a технические характеристики 
610 1 |a предприятия-изготовители 
610 1 |a силовые полупроводниковые модули 
610 1 |a модули 
610 1 |a полупроводниковые диоды 
610 1 |a тиристорные устройства 
610 1 |a питание 
610 1 |a оптотиристоры 
610 1 |a диодные тиристоры 
610 1 |a тиристорные источники 
675 |a 621.382.233(085)  |v 3 
702 1 |a Куликова  |b Л. В.   |4 220 
702 1 |a Лебедева  |b М. Ю.  |4 220 
712 0 2 |a Всероссийский научно-исследовательский институт информации и технико-экономических исследований в промышленности (Информэлектро)  |2 stltpush  |3 (RuTPU)RU\TPU\col\10404 
801 1 |a RU  |b 63413507  |c 20070515  |g PSBO 
801 2 |a RU  |b 63413507  |c 20160905  |g PSBO 
942 |c BK